|
|
|
|
| LEADER |
00000nam0a2200000 4500 |
| 001 |
194534 |
| 005 |
20231031182352.0 |
| 035 |
|
|
|a (RuTPU)RU\TPU\book\212162
|
| 090 |
|
|
|a 194534
|
| 100 |
|
|
|a 20110418d1980 m y0rusy50 ca
|
| 101 |
0 |
|
|a rus
|
| 102 |
|
|
|a UA
|
| 105 |
|
|
|a a j 000zy
|
| 200 |
1 |
|
|a Сборник задач по математике
|f Л. В. Кованцова, И. Г. Малышев
|
| 210 |
|
|
|a Киев
|c Высшая школа
|d 1980
|
| 215 |
|
|
|a 288 с.
|c ил.
|
| 610 |
1 |
|
|a математика
|
| 610 |
1 |
|
|a задачи
|
| 610 |
1 |
|
|a уравнения
|
| 610 |
1 |
|
|a геометрия
|
| 610 |
1 |
|
|a тригонометрия
|
| 610 |
1 |
|
|a графики функций
|
| 610 |
1 |
|
|a множества
|
| 610 |
1 |
|
|a векторы
|
| 610 |
1 |
|
|a задания
|
| 610 |
1 |
|
|a учебные пособия
|
| 675 |
|
|
|a 51(076)
|v 3
|
| 700 |
|
1 |
|a Кованцова
|b Л. В.
|g Людмила Владимировна
|
| 701 |
|
1 |
|a Малышев
|b И. Г.
|g Игорь Григорьевич
|
| 801 |
|
1 |
|a RU
|b 63413507
|c 20110418
|
| 801 |
|
2 |
|a RU
|b 63413507
|c 20140111
|g RCR
|
| 942 |
|
|
|c BK
|